000 01272nam a22002297a 4500
999 _c59943
_d59943
003 Ge_BSU
005 20230519172554.0
008 230519s2017 ge ||||| |||| 00| 0 geo d
020 _a9789941457623
041 _ageo
080 _a75/.76.071.1(479.22)(083.824) ფ-15
100 _aფავლენიშვილი, ლერი
_918152
245 _aფერწერა, გრაფიკა = Leri Pavlenishvili : Painting, graphics /
_cშემდგენელი ლია ფავლენიშვილი.
264 _aთბილისი :
_bნეკერი,
_c2017.
300 _a126 გვ. :
_bილ. ;
_c29 სმ.
500 _a გამოცემა ეძღვნება ლერი ფავლენიშვილის ხსოვნას.
501 _a გარეკანი, თავფურ. და ტექსტი აგრეთვე ინგლ. ენაზე.
653 _aქართველ მხატვართა გამოფენები
653 _aქართველ მხატვართა ფერწერული ალბომები
700 _aფავლენიშვილი, ლია
_eშემდგენელი
_918153
942 _2udc
_cBK